[Event "Senior Men Russian Championship 2022_HL"]
[Site "Saint-Petersburg, Russia"]
[Date "2022.09.29"]
[Round "6.7"]
[White "Dragomarezkij, Evgeni"]
[Black "Kornilov, Anatoly"]
[Result "1-0"]
[TimeControl "40+30"]
[WhiteElo "2297"]
[BlackElo "2094"]

1. c4 {[%clk 01:30:59]} c5 {[%clk 01:30:59]} {[%emt 00:00:02]} 2. Nf3 {[%clk
01:31:28]} {[%emt 00:00:01]} g6 {[%clk 01:31:28]} {[%emt 00:00:01]} 3. d4
{[%clk 01:31:56]} {[%emt 00:00:02]} cxd4 {[%clk 01:31:57]} {[%emt 00:00:01]} 4.
Nxd4 {[%clk 01:32:25]} {[%emt 00:00:02]} Bg7 {[%clk 01:32:24]} {[%emt
00:00:02]} 5. e4 {[%clk 01:32:53]} {[%emt 00:00:02]} Nc6 {[%clk 01:32:53]}
{[%emt 00:00:01]} 6. Be3 {[%clk 01:33:22]} {[%emt 00:00:01]} Nf6 {[%clk
01:33:22]} {[%emt 00:00:02]} 7. Nc3 {[%clk 01:33:50]} {[%emt 00:00:01]} O-O
{[%clk 01:33:50]} {[%emt 00:00:02]} 8. Be2 {[%clk 01:34:18]} {[%emt 00:00:02]}
d6 {[%clk 01:34:18]} {[%emt 00:00:02]} 9. O-O {[%clk 01:34:46]} {[%emt
00:00:02]} Bd7 {[%clk 01:34:47]} {[%emt 00:00:01]} 10. Nb3 {[%clk 01:35:15]}
{[%emt 00:00:02]} a5 {[%clk 01:35:16]} 11. a4 {[%clk 01:35:43]} {[%emt
00:00:02]} Nb4 {[%clk 01:35:45]} 12. f3 {[%clk 01:36:11]} {[%emt 00:00:02]} Bc6
{[%clk 01:36:14]} 13. Nd5 {[%clk 01:36:40]} {[%emt 00:00:02]} Bxd5 {[%clk
01:36:42]} {[%emt 00:00:02]} 14. exd5 {[%clk 01:37:08]} {[%emt 00:00:02]} Nd7
{[%clk 01:37:10]} {[%emt 00:00:02]} 15. Rb1 {[%clk 01:37:36]} {[%emt 00:00:02]}
b6 {[%clk 01:37:39]} 16. Nd4 {[%clk 01:38:04]} {[%emt 00:00:02]} Nc5 {[%clk
01:38:07]} {[%emt 00:00:02]} 17. Re1 {[%clk 01:38:33]} {[%emt 00:00:01]} Re8
{[%clk 01:38:36]} {[%emt 00:00:01]} 18. Bf1 {[%clk 01:39:01]} {[%emt 00:00:02]}
e5 {[%clk 01:39:04]} {[%emt 00:00:02]} 19. dxe6 {[%clk 01:39:29]} {[%emt
00:00:02]} Nxe6 {[%clk 01:39:33]} {[%emt 00:00:02]} 20. Nxe6 {[%clk 01:39:57]}
{[%emt 00:00:01]} Rxe6 {[%clk 01:40:01]} {[%emt 00:00:02]} 21. Bf2 {[%clk
01:40:25]} {[%emt 00:00:02]} Rxe1 {[%clk 01:40:28]} {[%emt 00:00:03]} 22. Qxe1
{[%clk 01:40:52]} {[%emt 00:00:02]} Qc7 {[%clk 01:40:58]} {[%emt 00:00:02]} 23.
Qe3 {[%clk 01:41:20]} {[%emt 00:00:02]} Rb8 {[%clk 01:41:26]} {[%emt 00:00:01]}
24. b3 {[%clk 01:41:48]} {[%emt 00:00:02]} Na6 {[%clk 01:41:55]} {[%emt
00:00:02]} 25. Bd3 {[%clk 01:42:16]} {[%emt 00:00:01]} Nc5 {[%clk 01:42:22]}
{[%emt 00:00:02]} 26. Bc2 {[%clk 01:42:45]} {[%emt 00:00:02]} Qc6 {[%clk
01:42:51]} 27. Rd1 {[%clk 01:43:13]} {[%emt 00:00:02]} Rd8 {[%clk 01:43:20]} 28.
Qe7 {[%clk 01:43:40]} {[%emt 00:00:03]} Qd7 {[%clk 01:43:40]} {[%emt 00:00:10]}
29. Bh4 {[%clk 01:44:09]} {[%emt 00:00:02]} Ne6 {[%clk 01:44:07]} {[%emt
00:00:02]} 30. Qxd7 {[%clk 01:44:37]} Rxd7 {[%clk 01:44:36]} {[%emt 00:00:02]}
31. Bf2 {[%clk 01:45:02]} {[%emt 00:00:05]} Nc5 {[%clk 01:45:05]} {[%emt
00:00:01]} 32. g4 {[%clk 01:45:30]} {[%emt 00:00:02]} Be5 {[%clk 01:45:33]}
{[%emt 00:00:03]} 33. Be3 {[%clk 01:45:59]} f6 {[%clk 01:46:01]} {[%emt
00:00:02]} 34. f4 {[%clk 01:46:27]} {[%emt 00:00:01]} Bc3 {[%clk 01:46:28]}
{[%emt 00:00:02]} 35. Kf2 {[%clk 01:46:56]} {[%emt 00:00:02]} Kg7 {[%clk
01:46:57]} 36. Kf3 {[%clk 01:46:56]} Kf7 {[%clk 01:46:57]} 37. h4 {[%clk
01:46:56]} h6 {[%clk 01:47:25]} {[%emt 00:00:05]} 38. Bf2 {[%clk 01:48:10]}
{[%emt 00:00:15]} g5 {[%clk 01:48:23]} 39. Bg3 {[%clk 01:48:10]} gxh4 {[%clk
01:48:23]} 40. Bxh4 {[%clk 01:48:10]} Kg7 {[%clk 01:48:23]} 41. Bf2 {[%clk
02:19:34]} {[%emt 00:01:22]} Rd8 {[%clk 02:18:35]} {[%emt 00:00:03]} 42. Be3
{[%clk 02:20:01]} {[%emt 00:00:03]} Rd7 {[%clk 02:19:04]} {[%emt 00:00:02]} 43.
Rd5 {[%clk 02:20:29]} {[%emt 00:00:01]} Rd8 {[%clk 02:19:32]} {[%emt 00:00:02]}
44. Kf2 {[%clk 02:20:31]} {[%emt 00:00:28]} Bb2 {[%clk 02:20:00]} {[%emt
00:00:02]} 45. Rh5 {[%clk 02:20:59]} {[%emt 00:00:03]} Bc3 {[%clk 02:20:28]}
{[%emt 00:00:01]} 46. Ke2 {[%clk 02:21:24]} {[%emt 00:00:05]} Re8 {[%clk
02:20:57]} 47. Kf3 {[%clk 02:21:50]} {[%emt 00:00:04]} Rd8 {[%clk 02:21:26]} 48.
Rh3 {[%clk 02:22:12]} {[%emt 00:00:08]} Bb2 {[%clk 02:21:53]} {[%emt 00:00:03]}
49. Ke2 {[%clk 02:22:40]} {[%emt 00:00:02]} Ba1 {[%clk 02:22:22]} {[%emt
00:00:02]} 50. Kf3 {[%clk 02:23:08]} {[%emt 00:00:01]} Bb2 {[%clk 02:22:51]} 51.
g5 {[%clk 02:23:35]} {[%emt 00:00:03]} fxg5 {[%clk 02:23:19]} {[%emt 00:00:02]}
52. fxg5 {[%clk 02:24:03]} {[%emt 00:00:02]} hxg5 {[%clk 02:23:47]} {[%emt
00:00:02]} 53. Bxg5 {[%clk 02:24:31]} {[%emt 00:00:03]} Rf8+ {[%clk 02:24:14]}
{[%emt 00:00:02]} 54. Ke2 {[%clk 02:25:00]} {[%emt 00:00:02]} Re8+ {[%clk
02:24:43]} 55. Kd2 {[%clk 02:25:28]} {[%emt 00:00:02]} Ne4+ {[%clk 02:25:11]}
56. Bxe4 {[%clk 02:25:56]} {[%emt 00:00:02]} Rxe4 {[%clk 02:25:39]} {[%emt
00:00:02]} 57. Kd3 {[%clk 02:26:23]} {[%emt 00:00:03]} Re8 {[%clk 02:26:07]} 58.
Be3 {[%clk 02:26:52]} {[%emt 00:00:02]} Rb8 {[%clk 02:26:36]} {[%emt 00:00:01]}
59. Bd4+ {[%clk 02:27:20]} {[%emt 00:00:02]} Bxd4 {[%clk 02:27:05]} {[%emt
00:00:02]} 60. Kxd4 {[%clk 02:27:47]} {[%emt 00:00:02]} 1-0

[Event "Senior Men Russian Championship 2022_HL"]
[Site "Saint-Petersburg, Russia"]
[Date "2022.09.29"]
[Round "6.8"]
[White "Lisenko, Alexander V"]
[Black "Raetsky, Alexander"]
[Result "1-0"]
[TimeControl "40+30"]
[WhiteElo "2307"]
[BlackElo "2384"]

1. c4 {[%clk 01:30:59]} e5 {[%clk 01:30:59]} {[%emt 00:00:02]} 2. Nf3 {[%clk
01:31:26]} {[%emt 00:00:01]} e4 {[%clk 01:31:28]} {[%emt 00:00:02]} 3. Nd4
{[%clk 01:31:55]} {[%emt 00:00:02]} Nc6 {[%clk 01:31:56]} {[%emt 00:00:01]} 4.
Nc2 {[%clk 01:32:23]} {[%emt 00:00:02]} d5 {[%clk 01:32:25]} 5. cxd5 {[%clk
01:32:52]} {[%emt 00:00:02]} Qxd5 {[%clk 01:32:53]} {[%emt 00:00:01]} 6. Nc3
{[%clk 01:33:19]} {[%emt 00:00:03]} Qe5 {[%clk 01:33:22]} 7. g3 {[%clk
01:33:47]} {[%emt 00:00:02]} Nf6 {[%clk 01:33:51]} {[%emt 00:00:01]} 8. Bg2
{[%clk 01:34:16]} {[%emt 00:00:02]} Bf5 {[%clk 01:34:19]} {[%emt 00:00:02]} 9.
Ne3 {[%clk 01:34:44]} {[%emt 00:00:02]} Bg6 {[%clk 01:34:47]} {[%emt 00:00:01]}
10. Qa4 {[%clk 01:35:12]} {[%emt 00:00:02]} O-O-O {[%clk 01:35:15]} {[%emt
00:00:02]} 11. d3 {[%clk 01:35:41]} {[%emt 00:00:01]} exd3 {[%clk 01:35:43]}
{[%emt 00:00:02]} 12. Bxc6 {[%clk 01:36:09]} {[%emt 00:00:03]} bxc6 {[%clk
01:36:11]} {[%emt 00:00:02]} 13. Qa6+ {[%clk 01:36:37]} {[%emt 00:00:02]} Kd7
{[%clk 01:36:40]} 14. Nc4 {[%clk 01:37:04]} {[%emt 00:00:02]} Qe6 {[%clk
01:37:09]} {[%emt 00:00:01]} 15. Bf4 {[%clk 01:37:32]} {[%emt 00:00:02]} Nd5
{[%clk 01:37:35]} {[%emt 00:00:04]} 16. Ne5+ {[%clk 01:38:01]} {[%emt
00:00:01]} Ke8 {[%clk 01:38:03]} {[%emt 00:00:03]} 17. Qxc6+ {[%clk 01:38:29]}
{[%emt 00:00:02]} Qxc6 {[%clk 01:38:31]} {[%emt 00:00:03]} 18. Nxc6 {[%clk
01:38:58]} Nxc3 {[%clk 01:38:57]} {[%emt 00:00:03]} 19. bxc3 {[%clk 01:39:24]}
{[%emt 00:00:05]} Be4 {[%clk 01:39:25]} {[%emt 00:00:02]} 20. Nxd8 {[%clk
01:39:52]} {[%emt 00:00:02]} Bxh1 {[%clk 01:39:52]} {[%emt 00:00:02]} 21. Kd2
{[%clk 01:40:20]} {[%emt 00:00:03]} Kxd8 {[%clk 01:40:20]} {[%emt 00:00:01]} 22.
Rxh1 {[%clk 01:40:48]} {[%emt 00:00:03]} dxe2 {[%clk 01:40:46]} {[%emt
00:00:03]} 23. Rb1 {[%clk 01:41:13]} {[%emt 00:00:06]} Kc8 {[%clk 01:41:15]}
{[%emt 00:00:01]} 24. Be3 {[%clk 01:41:41]} {[%emt 00:00:01]} c5 {[%clk
01:41:41]} {[%emt 00:00:04]} 25. Bf4 {[%clk 01:42:10]} {[%emt 00:00:02]} f6
{[%clk 01:42:10]} {[%emt 00:00:02]} 26. Rb8+ {[%clk 01:42:38]} {[%emt
00:00:01]} Kd7 {[%clk 01:42:38]} {[%emt 00:00:02]} 27. Kxe2 {[%clk 01:43:05]}
{[%emt 00:00:03]} g5 {[%clk 01:43:07]} 28. Be3 {[%clk 01:43:32]} {[%emt
00:00:02]} Kc6 {[%clk 01:43:28]} {[%emt 00:00:09]} 29. Ra8 {[%clk 01:44:01]} h6
{[%clk 01:43:54]} {[%emt 00:00:05]} 30. Kd3 {[%clk 01:44:27]} {[%emt 00:00:03]}
f5 {[%clk 01:44:21]} {[%emt 00:00:03]} 31. Kc4 {[%clk 01:44:56]} {[%emt
00:00:01]} Bg7 {[%clk 01:44:45]} {[%emt 00:00:07]} 32. Rxa7 {[%clk 01:45:20]}
{[%emt 00:00:06]} Be5 {[%clk 01:45:14]} 33. Bxc5 {[%clk 01:45:49]} {[%emt
00:00:01]} f4 {[%clk 01:45:41]} {[%emt 00:00:03]} 34. Bd4 {[%clk 01:46:18]} Re8
{[%clk 01:46:08]} {[%emt 00:00:03]} 35. Rh7 {[%clk 01:46:46]} Bxd4 {[%clk
01:46:34]} {[%emt 00:00:04]} 36. cxd4 {[%clk 01:47:15]} {[%emt 00:00:03]} Re2
{[%clk 01:47:02]} {[%emt 00:00:02]} 37. d5+ {[%clk 01:47:40]} {[%emt 00:00:03]}
Kb6 {[%clk 01:47:25]} {[%emt 00:00:02]} 38. Rxh6+ {[%clk 01:48:09]} {[%emt
00:00:08]} Kc7 {[%clk 01:47:48]} {[%emt 00:00:07]} 39. Rh7+ {[%clk 01:48:38]}
Kd6 {[%clk 01:48:16]} {[%emt 00:00:02]} 40. Rh6+ {[%clk 02:19:06]} {[%emt
00:00:02]} Kd7 {[%clk 02:18:44]} 41. f3 {[%clk 02:19:34]} {[%emt 00:00:03]}
Rxa2 {[%clk 02:19:13]} {[%emt 00:00:02]} 42. gxf4 {[%clk 02:20:02]} {[%emt
00:00:02]} Ra4+ {[%clk 02:19:39]} {[%emt 00:00:02]} 43. Kc5 {[%clk 02:20:31]}
{[%emt 00:00:03]} Rxf4 {[%clk 02:20:02]} {[%emt 00:00:03]} 44. Rh7+ {[%clk
02:20:59]} {[%emt 00:00:05]} Ke8 {[%clk 02:20:30]} 45. Rh3 {[%clk 02:21:28]}
{[%emt 00:00:02]} g4 {[%clk 02:20:58]} {[%emt 00:00:02]} 46. fxg4 {[%clk
02:21:57]} {[%emt 00:00:02]} Rxg4 {[%clk 02:21:27]} {[%emt 00:00:01]} 47. Kc6
{[%clk 02:22:23]} {[%emt 00:00:04]} Rg2 {[%clk 02:21:54]} 48. Rh8+ {[%clk
02:22:52]} {[%emt 00:00:03]} Kf7 {[%clk 02:22:23]} 49. d6 {[%clk 02:22:50]}
{[%emt 00:00:02]} Rb2 {[%clk 02:22:51]} {[%emt 00:00:02]} 50. Kd7 {[%clk
02:23:46]} {[%emt 00:00:03]} Ra2 {[%clk 02:23:19]} {[%emt 00:00:01]} 51. h4
{[%clk 02:24:14]} {[%emt 00:00:03]} Ra5 {[%clk 02:23:46]} {[%emt 00:00:03]} 52.
Kc6 {[%clk 02:24:43]} {[%emt 00:00:02]} 1-0

[Event "Senior Men Russian Championship 2022_HL"]
[Site "Saint-Petersburg, Russia"]
[Date "2022.09.29"]
[Round "6.2"]
[White "Pozin, Sergey"]
[Black "Ponfilenok, Vladimir"]
[Result "0-1"]
[TimeControl "40+30"]
[WhiteElo "2257"]
[BlackElo "2298"]

1. Nf3 {[%clk 01:30:58]} {[%emt 00:00:02]} f5 {[%clk 01:30:58]} {[%emt
00:00:02]} 2. g3 {[%clk 01:31:26]} {[%emt 00:00:02]} Nf6 {[%clk 01:31:20]}
{[%emt 00:00:07]} 3. Bg2 {[%clk 01:31:54]} {[%emt 00:00:03]} e6 {[%clk
01:31:48]} {[%emt 00:00:02]} 4. O-O {[%clk 01:32:21]} {[%emt 00:00:02]} d5
{[%clk 01:32:16]} {[%emt 00:00:03]} 5. c4 {[%clk 01:32:50]} {[%emt 00:00:02]}
Bd6 {[%clk 01:32:45]} 6. b3 {[%clk 01:33:18]} {[%emt 00:00:02]} O-O {[%clk
01:33:12]} {[%emt 00:00:02]} 7. Bb2 {[%clk 01:33:46]} {[%emt 00:00:02]} Nbd7
{[%clk 01:33:40]} {[%emt 00:00:03]} 8. Nc3 {[%clk 01:34:13]} {[%emt 00:00:03]}
c6 {[%clk 01:34:08]} {[%emt 00:00:02]} 9. Qc2 {[%clk 01:34:41]} {[%emt
00:00:02]} Qe8 {[%clk 01:34:37]} 10. d3 {[%clk 01:35:08]} {[%emt 00:00:02]} f4
{[%clk 01:35:04]} {[%emt 00:00:03]} 11. gxf4 {[%clk 01:35:37]} {[%emt
00:00:02]} Bxf4 {[%clk 01:35:31]} {[%emt 00:00:03]} 12. Ba3 {[%clk 01:36:02]}
{[%emt 00:00:05]} Qh5 {[%clk 01:36:00]} {[%emt 00:00:01]} 13. Bxf8 {[%clk
01:36:28]} {[%emt 00:00:04]} Ne5 {[%clk 01:36:28]} {[%emt 00:00:01]} 14. Rfe1
{[%clk 01:36:53]} {[%emt 00:00:05]} Nxf3+ {[%clk 01:36:56]} {[%emt 00:00:01]}
15. Bxf3 {[%clk 01:37:20]} {[%emt 00:00:04]} Qxh2+ {[%clk 01:37:23]} {[%emt
00:00:03]} 16. Kf1 {[%clk 01:37:45]} {[%emt 00:00:04]} Be3 {[%clk 01:37:50]}
{[%emt 00:00:04]} 17. Nd1 {[%clk 01:38:12]} {[%emt 00:00:03]} e5 {[%clk
01:38:17]} {[%emt 00:00:03]} 0-1

[Event "Senior Men Russian Championship 2022_HL"]
[Site "Saint-Petersburg, Russia"]
[Date "2022.09.29"]
[Round "6.10"]
[White "Nikitinyh, Boris"]
[Black "Osmolny, Vladimir I."]
[Result "0-1"]
[TimeControl "40+30"]
[WhiteElo "1853"]
[BlackElo "2092"]

1. d4 {[%clk 01:30:59]} {[%emt 00:00:01]} d5 {[%clk 01:30:59]} 2. Nf3 {[%clk
01:31:27]} {[%emt 00:00:02]} Nc6 {[%clk 01:31:27]} {[%emt 00:00:03]} 3. e3
{[%clk 01:31:56]} Bg4 {[%clk 01:31:56]} 4. Nbd2 {[%clk 01:32:24]} {[%emt
00:00:02]} e6 {[%clk 01:32:24]} {[%emt 00:00:01]} 5. Be2 {[%clk 01:32:53]}
{[%emt 00:00:02]} Nf6 {[%clk 01:32:53]} {[%emt 00:00:01]} 6. O-O {[%clk
01:33:21]} {[%emt 00:00:02]} Be7 {[%clk 01:33:22]} {[%emt 00:00:01]} 7. c4
{[%clk 01:33:49]} {[%emt 00:00:02]} O-O {[%clk 01:33:50]} {[%emt 00:00:02]} 8.
a3 {[%clk 01:34:18]} a5 {[%clk 01:34:18]} {[%emt 00:00:02]} 9. h3 {[%clk
01:34:47]} {[%emt 00:00:01]} Bh5 {[%clk 01:34:46]} {[%emt 00:00:02]} 10. cxd5
{[%clk 01:35:11]} {[%emt 00:00:07]} exd5 {[%clk 01:35:14]} {[%emt 00:00:02]} 11.
Re1 {[%clk 01:35:38]} {[%emt 00:00:02]} Bd6 {[%clk 01:35:39]} {[%emt 00:00:05]}
12. b3 {[%clk 01:36:06]} {[%emt 00:00:02]} Qe7 {[%clk 01:36:08]} {[%emt
00:00:01]} 13. Bb2 {[%clk 01:36:31]} {[%emt 00:00:06]} Rae8 {[%clk 01:36:36]}
{[%emt 00:00:02]} 14. Nh4 {[%clk 01:36:59]} {[%emt 00:00:02]} Bxe2 {[%clk
01:37:04]} {[%emt 00:00:02]} 15. Qxe2 {[%clk 01:37:27]} {[%emt 00:00:02]} g6
{[%clk 01:37:32]} {[%emt 00:00:02]} 16. Nhf3 {[%clk 01:37:55]} {[%emt
00:00:02]} h6 {[%clk 01:38:00]} {[%emt 00:00:01]} 17. Rec1 {[%clk 01:38:19]}
{[%emt 00:00:07]} Qe6 {[%clk 01:38:29]} 18. Qb5 {[%clk 01:38:47]} {[%emt
00:00:02]} Rb8 {[%clk 01:38:58]} {[%emt 00:00:01]} 19. Qf1 {[%clk 01:39:14]}
{[%emt 00:00:02]} Nd7 {[%clk 01:39:25]} {[%emt 00:00:03]} 20. Ne1 {[%clk
01:39:42]} {[%emt 00:00:02]} Ne7 {[%clk 01:39:54]} {[%emt 00:00:02]} 21. Nd3
{[%clk 01:40:09]} {[%emt 00:00:03]} b6 {[%clk 01:40:22]} {[%emt 00:00:02]} 22.
Nf3 {[%clk 01:40:37]} {[%emt 00:00:01]} f6 {[%clk 01:40:51]} {[%emt 00:00:02]}
23. b4 {[%clk 01:41:06]} {[%emt 00:00:01]} a4 {[%clk 01:41:19]} {[%emt
00:00:02]} 24. b5 {[%clk 01:41:35]} {[%emt 00:00:01]} g5 {[%clk 01:41:47]} 25.
Nh2 {[%clk 01:42:03]} {[%emt 00:00:02]} f5 {[%clk 01:42:16]} {[%emt 00:00:02]}
26. Qd1 {[%clk 01:42:32]} Ra8 {[%clk 01:42:43]} {[%emt 00:00:03]} 27. Nf3
{[%clk 01:42:58]} {[%emt 00:00:02]} Ng6 {[%clk 01:43:11]} {[%emt 00:00:04]} 28.
Nde5 {[%clk 01:43:24]} {[%emt 00:00:02]} Rf6 {[%clk 01:43:40]} {[%emt
00:00:04]} 29. Nxg6 {[%clk 01:43:53]} {[%emt 00:00:01]} Rxg6 {[%clk 01:44:07]}
{[%emt 00:00:02]} 30. Ne5 {[%clk 01:44:20]} {[%emt 00:00:03]} Rg7 {[%clk
01:44:34]} {[%emt 00:00:02]} 31. Rc6 {[%clk 01:44:49]} {[%emt 00:00:04]} g4
{[%clk 01:45:02]} {[%emt 00:00:01]} 32. h4 {[%clk 01:45:17]} {[%emt 00:00:02]}
g3 {[%clk 01:45:30]} {[%emt 00:00:01]} 33. fxg3 {[%clk 01:45:46]} {[%emt
00:00:02]} Rxg3 {[%clk 01:45:57]} {[%emt 00:00:02]} 34. Qe1 {[%clk 01:46:14]}
{[%emt 00:00:03]} Rg7 {[%clk 01:46:26]} 35. Qf2 {[%clk 01:46:41]} {[%emt
00:00:03]} Kh7 {[%clk 01:46:54]} {[%emt 00:00:02]} 36. h5 {[%clk 01:47:10]}
{[%emt 00:00:01]} Rg5 {[%clk 01:47:22]} {[%emt 00:00:01]} 37. Ng6 {[%clk
01:47:37]} {[%emt 00:00:03]} Qe4 {[%clk 01:47:51]} {[%emt 00:00:02]} 38. Rxd6
{[%clk 01:48:04]} {[%emt 00:00:02]} cxd6 {[%clk 01:48:17]} {[%emt 00:00:05]} 39.
Rc1 {[%clk 01:48:32]} {[%emt 00:00:02]} Ra7 {[%clk 01:48:45]} {[%emt 00:00:02]}
40. Nf4 {[%clk 02:19:00]} {[%emt 00:00:02]} Nf6 {[%clk 02:19:13]} {[%emt
00:00:02]} 41. Nh3 {[%clk 02:19:28]} {[%emt 00:00:02]} Rxh5 {[%clk 02:19:42]}
{[%emt 00:00:01]} 42. Nf4 {[%clk 02:19:57]} {[%emt 00:00:02]} Rg5 {[%clk
02:20:08]} {[%emt 00:00:03]} 43. Nh3 {[%clk 02:20:25]} {[%emt 00:00:01]} Rg8
{[%clk 02:20:34]} {[%emt 00:00:04]} 44. Rf1 {[%clk 02:20:53]} {[%emt 00:00:02]}
Rag7 {[%clk 02:21:03]} {[%emt 00:00:01]} 45. Qxf5+ {[%clk 02:21:21]} {[%emt
00:00:03]} Qxf5 {[%clk 02:21:29]} {[%emt 00:00:04]} 46. Rxf5 {[%clk 02:21:49]}
{[%emt 00:00:02]} Rxg2+ {[%clk 02:21:56]} {[%emt 00:00:03]} 47. Kf1 {[%clk
02:22:15]} {[%emt 00:00:04]} Ne4 {[%clk 02:22:25]} {[%emt 00:00:01]} 48. Rf7+
{[%clk 02:22:43]} {[%emt 00:00:02]} Kh8 {[%clk 02:22:53]} {[%emt 00:00:02]} 49.
Bc1 {[%clk 02:23:12]} {[%emt 00:00:02]} Rc2 {[%clk 02:23:21]} 0-1

[Event "Senior Men Russian Championship 2022_HL"]
[Site "Saint-Petersburg, Russia"]
[Date "2022.09.29"]
[Round "6.4"]
[White "Balashov, Yuri S"]
[Black "Kozlov, Oleg"]
[Result "1-0"]
[TimeControl "40+30"]
[WhiteElo "2395"]
[BlackElo "2279"]

1. e4 {[%clk 01:30:58]} {[%emt 00:00:01]} c5 {[%clk 01:30:59]} {[%emt
00:00:02]} 2. Nf3 {[%clk 01:31:27]} {[%emt 00:00:01]} e6 {[%clk 01:31:28]} 3.
d4 {[%clk 01:31:55]} {[%emt 00:00:01]} cxd4 {[%clk 01:31:57]} {[%emt 00:00:02]}
4. Nxd4 {[%clk 01:32:24]} {[%emt 00:00:02]} Nc6 {[%clk 01:32:25]} {[%emt
00:00:02]} 5. Nc3 {[%clk 01:32:52]} a6 {[%clk 01:32:54]} {[%emt 00:00:02]} 6.
Be2 {[%clk 01:33:19]} {[%emt 00:00:02]} Qc7 {[%clk 01:33:23]} 7. O-O {[%clk
01:33:47]} {[%emt 00:00:02]} Nf6 {[%clk 01:33:51]} {[%emt 00:00:02]} 8. Kh1
{[%clk 01:34:15]} {[%emt 00:00:02]} b5 {[%clk 01:34:20]} 9. Nxc6 {[%clk
01:34:44]} {[%emt 00:00:01]} dxc6 {[%clk 01:34:48]} {[%emt 00:00:03]} 10. f4
{[%clk 01:35:11]} {[%emt 00:00:02]} b4 {[%clk 01:35:16]} {[%emt 00:00:02]} 11.
e5 {[%clk 01:35:39]} {[%emt 00:00:02]} bxc3 {[%clk 01:35:45]} {[%emt 00:00:01]}
12. exf6 {[%clk 01:36:07]} {[%emt 00:00:02]} gxf6 {[%clk 01:36:12]} {[%emt
00:00:02]} 13. Qd4 {[%clk 01:36:35]} {[%emt 00:00:02]} cxb2 {[%clk 01:36:35]}
{[%emt 00:00:07]} 14. Bxb2 {[%clk 01:37:03]} {[%emt 00:00:02]} Be7 {[%clk
01:37:01]} {[%emt 00:00:05]} 15. Qf2 {[%clk 01:37:26]} {[%emt 00:00:07]} Rb8
{[%clk 01:37:29]} {[%emt 00:00:02]} 16. Bc3 {[%clk 01:37:54]} {[%emt 00:00:02]}
c5 {[%clk 01:37:57]} {[%emt 00:00:02]} 17. Qg3 {[%clk 01:38:22]} {[%emt
00:00:01]} Kf8 {[%clk 01:38:26]} {[%emt 00:00:02]} 18. Qh4 {[%clk 01:38:50]}
{[%emt 00:00:02]} h5 {[%clk 01:38:54]} {[%emt 00:00:02]} 19. Bxf6 {[%clk
01:39:17]} {[%emt 00:00:03]} Bb7 {[%clk 01:39:18]} {[%emt 00:00:05]} 20. Rad1
{[%clk 01:39:44]} {[%emt 00:00:03]} Rh6 {[%clk 01:39:47]} {[%emt 00:00:02]} 21.
Bg5 {[%clk 01:40:10]} {[%emt 00:00:05]} Rh7 {[%clk 01:40:15]} 22. Bd3 {[%clk
01:40:38]} {[%emt 00:00:01]} f5 {[%clk 01:40:44]} {[%emt 00:00:02]} 23. Bc4
{[%clk 01:41:07]} Be4 {[%clk 01:41:11]} {[%emt 00:00:03]} 24. Bxe6 {[%clk
01:41:36]} Qb7 {[%clk 01:41:30]} {[%emt 00:00:11]} 25. Qg3 {[%clk 01:42:05]}
{[%emt 00:00:01]} Rg7 {[%clk 01:41:56]} {[%emt 00:00:04]} 26. Bh6 {[%clk
01:42:33]} {[%emt 00:00:02]} Bh4 {[%clk 01:42:22]} {[%emt 00:00:03]} 27. Qxg7+
{[%emt 00:00:04]} Qxg7 {[%clk 01:42:50]} 28. Bxg7+ {[%clk 01:43:29]} {[%emt
00:00:02]} Kxg7 {[%clk 01:43:14]} {[%emt 00:00:06]} 29. Rd7+ {[%clk 01:43:58]}
Kh6 {[%clk 01:43:39]} {[%emt 00:00:05]} 30. Bd5 {[%clk 01:44:27]} 1-0

[Event "Senior Men Russian Championship 2022_HL"]
[Site "Saint-Petersburg, Russia"]
[Date "2022.09.29"]
[Round "6.6"]
[White "Zhelnin, Vladimir V"]
[Black "Filipenko, Alexander V"]
[Result "1/2-1/2"]
[TimeControl "40+30"]
[WhiteElo "2344"]
[BlackElo "2171"]

1. d4 {[%clk 01:30:58]} {[%emt 00:00:02]} d5 {[%clk 01:30:59]} 2. Nf3 {[%clk
01:31:26]} {[%emt 00:00:02]} Nf6 {[%clk 01:31:28]} {[%emt 00:00:01]} 3. g3
{[%clk 01:31:55]} {[%emt 00:00:02]} c6 {[%clk 01:31:57]} 4. Bg2 {[%clk
01:32:23]} Bf5 {[%clk 01:32:26]} {[%emt 00:00:01]} 5. O-O {[%clk 01:32:50]}
{[%emt 00:00:03]} e6 {[%clk 01:32:54]} {[%emt 00:00:02]} 6. c4 {[%clk
01:33:19]} {[%emt 00:00:01]} Be7 {[%clk 01:33:22]} {[%emt 00:00:02]} 7. Nc3
{[%clk 01:33:47]} {[%emt 00:00:02]} h6 {[%clk 01:33:51]} {[%emt 00:00:02]} 8.
Qb3 {[%clk 01:34:16]} {[%emt 00:00:02]} Qb6 {[%clk 01:34:19]} {[%emt 00:00:01]}
9. c5 {[%clk 01:34:45]} {[%emt 00:00:01]} Qxb3 {[%clk 01:34:48]} {[%emt
00:00:01]} 10. axb3 {[%clk 01:35:12]} {[%emt 00:00:02]} a6 {[%clk 01:35:17]}
{[%emt 00:00:01]} 11. b4 {[%clk 01:35:41]} 1/2-1/2